000
00353nam a2200145Ia 4500
008
090124s9999 xx 000 0 und d
082
_b
34326
245
_a
छायानट
250
_a
1
260
_b
अंतरकर आनंद
_c
2007
300
_a
190
630
_a
छायानट
730
_a
छायानट
942
_c
BOOK
999
_c
198273
_d
198273